Macbeth Key Quotations matchup - Statistics

General Stats
  • This quiz has been taken 550 times
  • The average score is 13 of 17
Answer Stats
Hint Answer % Correct
Fair is foul, and foul is fair (Weird Sisters - Act 1, Scene 1)
95%
The milk of human kindness (Lady Macbeth - Act 1, Scene 5)
90%
Look like the innocent flower, but be the serpent under't (Lady Macbeth - Act 1, Scene 5)
89%
Out, damned spot! Out, I say! (Lady Macbeth - Act 5, Scene 1)
89%
When shall we three meet again, in thunder, lightning, or in rain? (Weird Sisters - Act 1, Scene 1)
86%
All the perfumes of Arabia will not sweeten this little hand (Lady Macbeth - Act 5, Scene 1)
81%
A little water clears us of this deed (Lady Macbeth - Act 2, Scene 2)
80%
Upon my head they placed a fruitless crown (Macbeth - Act 3, Scene 1)
76%
So foul and fair a day I have not seen (Macbeth - Act 1, Scene 3)
74%
Come you spirits that tend on mortal thoughts! Unsex me here[...] (Lady Macbeth - Act 1, Scene 5)
74%
Something wicked this way comes (Second Weird Sister - Act 4, Scene 1)
74%
You should be women and yet your beards forbid me to interpret that you are so (Banquo - Act 1, Scene 3)
71%
When you durst do it, then you were a man (Lady Macbeth - Act 1, Scene 7)
70%
Stars hide your fires, let not light see my black and deep desires (Macbeth - Act 1, Scene 4)
69%
I have no spur to prick the sides of my intent, only vaulting ambition (Macbeth - Act 1, Scene 7)
68%
Out, out, brief candle (Act 5, Scene 5)
66%
Life [...] is a tale told by an idiot, full of sound and fury, signifying nothing (Macbeth - Act 5, Scene 5)
61%
No matching quizzes found
Score Distribution
Percent of People with Each Score
Percentile by Number Answered
Your Score History
You have not taken this quiz